[Event "chess.com SpeedChess Q2Sw"]
[Site "chess.com INT"]
[Date "2022.11.12"]
[Round "9"]
[White "Akobian, Varuzhan"]
[Black "Sellitti, Federico"]
[Result "0-1"]
[WhiteTitle "GM"]
[WhiteElo "2591"]
[BlackElo "2176"]
[WhiteFideId "13300580"]
[BlackFideId "821829"]
[EventDate "2022.11.12"]

1. d4 d5 2. c4 e5 3. dxe5 d4 4. Nf3 Nc6 5. a3 Nge7 6. b4 Ng6 7. Bb2 Bg4 8. Nxd4
Ncxe5 9. Qc2 c5 10. bxc5 Bxc5 11. e3 O-O 12. Nd2 Rc8 13. h3 Bd7 14. Be2 Re8 15.
N2f3 b5 16. Nxe5 Nxe5 17. O-O Nxc4 18. Bxc4 bxc4 19. Rfd1 Qb6 20. Rab1 Qg6 21.
Qxg6 hxg6 22. Bc3 Ba4 23. Rd2 Rb8 24. Rxb8 Rxb8 25. Nf3 Bxa3 26. Rd5 Bc6 27. Ra5
Rb1+ 28. Kh2 Bd6+ 29. Be5 Bb4 30. Rxa7 f6 31. Bd4 Bd6+ 0-1

[Event "chess.com SpeedChess Q2Sw"]
[Site "chess.com INT"]
[Date "2022.11.12"]
[Round "9"]
[White "Dehtiarov, Roman"]
[Black "Aditya, Mittal"]
[Result "0-1"]
[WhiteTitle "FM"]
[BlackTitle "IM"]
[WhiteElo "2300"]
[BlackElo "2486"]
[WhiteFideId "14186640"]
[BlackFideId "35042025"]
[EventDate "2022.11.12"]

1. e4 c5 2. Nc3 d6 3. f4 g6 4. Nf3 Bg7 5. Bb5+ Bd7 6. Bxd7+ Qxd7 7. O-O Nc6 8.
d3 e6 9. Qe1 Nge7 10. Bd2 a6 11. Qh4 h6 12. Rae1 O-O-O 13. a3 g5 14. Qg3 Nd4 15.
fxg5 hxg5 16. Nxd4 Bxd4+ 17. Be3 Be5 18. Qf3 g4 19. Qxg4 Rdg8 20. Qf3 Bxh2+ 21.
Kf2 Bg3+ 22. Ke2 Bxe1 23. Kxe1 Ng6 24. d4 Nh4 25. Qxf7 Nxg2+ 26. Kd2 Qxf7 27.
Rxf7 Nxe3 28. Kxe3 Rh3+ 29. Kd2 cxd4 30. Ne2 Rg2 31. Ke1 Rh1+ 32. Rf1 Rxf1+ 33.
Kxf1 Rg4 34. Nxd4 Rxe4 35. c3 d5 36. Kf2 Kd7 37. Kf3 Kd6 38. Nc2 Rh4 39. Ke3 Rh2
40. Kd3 e5 41. c4 dxc4+ 42. Kc3 b5 43. a4 Rxc2+ 44. Kxc2 bxa4 45. Kd2 Kc5 46.
Ke3 Kb4 47. Kd2 e4 48. Kc1 e3 49. Kc2 a5 50. Kc1 Kb3 51. Kd1 Kxb2 0-1

[Event "chess.com SpeedChess Q2Sw"]
[Site "chess.com INT"]
[Date "2022.11.12"]
[Round "9"]
[White "Svane, Frederik"]
[Black "Terry, Renato"]
[Result "0-1"]
[WhiteTitle "GM"]
[BlackTitle "IM"]
[WhiteElo "2568"]
[BlackElo "2516"]
[WhiteFideId "12923044"]
[BlackFideId "3803457"]
[EventDate "2022.11.12"]

1. e4 e6 2. d4 d5 3. e5 c5 4. c3 Qb6 5. Nf3 Bd7 6. Be2 cxd4 7. cxd4 Bb5 8. Nc3
Bxe2 9. Nxe2 Bb4+ 10. Bd2 Bxd2+ 11. Qxd2 Ne7 12. O-O Nbc6 13. Rac1 O-O 14. Rc5
Qa6 15. a3 b6 16. Rc2 Na5 17. Qg5 Ng6 18. h4 Rac8 19. Rfc1 h6 20. Qe3 Rxc2 21.
Rxc2 Rc8 22. Qc1 Rxc2 23. Qxc2 Qc4 24. Qd1 Ne7 25. g4 Nb3 26. Kg2 a5 27. Nd2 Qd3
28. Qxb3 Qxd2 29. Qb5 Kh7 30. h5 Nc6 31. Qxc6 Qxe2 32. Qxb6 Qxg4+ 33. Kf1 Qd1+
34. Kg2 a4 35. Qb5 Qg4+ 36. Kf1 Qxd4 0-1

[Event "chess.com SpeedChess Q2Sw"]
[Site "chess.com INT"]
[Date "2022.11.12"]
[Round "9"]
[White "Jegorovas, Aleksandras"]
[Black "Guzman Moneo, Alberto"]
[Result "1-0"]
[WhiteTitle "FM"]
[BlackTitle "CM"]
[WhiteElo "2270"]
[BlackElo "2146"]
[WhiteFideId "12801950"]
[BlackFideId "2209616"]
[EventDate "2022.11.12"]

1. Nf3 g6 2. d4 Bg7 3. c4 c5 4. d5 b5 5. cxb5 a6 6. bxa6 d6 7. e4 Nf6 8. Nbd2
O-O 9. Bc4 Nbd7 10. Qe2 Ne8 11. O-O Nc7 12. h3 Nb6 13. Rb1 Nxc4 14. Nxc4 Bxa6
15. Bf4 Qb8 16. Rfe1 Qb4 17. Nfd2 Qb7 18. a3 Nb5 19. Qg4 Nd4 20. Na5 Qc7 21. Nc6
Nxc6 22. dxc6 Qxc6 23. e5 d5 24. e6 f5 25. Qg3 Rf6 26. Be5 Rxe6 27. Bxg7 Kxg7
28. Rxe6 Qxe6 29. Qc3+ Kg8 30. Qxc5 Rc8 31. Qd4 Qd6 32. Nf3 Rc4 33. Qa7 Rc7 34.
Qb8+ Kg7 35. Re1 h6 36. Nd4 Bc8 37. Nb5 Rc1 38. Nxd6 1-0

[Event "chess.com SpeedChess Q2Sw"]
[Site "chess.com INT"]
[Date "2022.11.12"]
[Round "9"]
[White "Mikhailov, Viacheslav"]
[Black "Salman, Pavel"]
[Result "1-0"]
[WhiteTitle "IM"]
[BlackTitle "FM"]
[WhiteElo "2428"]
[BlackElo "2287"]
[WhiteFideId "4187369"]
[BlackFideId "24153753"]
[EventDate "2022.11.12"]

1. Nf3 c5 2. g3 b6 3. Bg2 Bb7 4. O-O Nf6 5. c3 e6 6. d4 Be7 7. a4 O-O 8. a5 cxd4
9. axb6 axb6 10. Rxa8 Bxa8 11. cxd4 Nc6 12. Nc3 Nb4 13. Bg5 h6 14. Bxf6 Bxf6 15.
e3 Bb7 16. Qb3 Nd5 17. Nd2 Qa8 18. Nxd5 Bxd5 19. Bxd5 exd5 20. Rc1 Qb7 21. Kg2
Be7 22. Nb1 Ra8 23. Nc3 Ra5 24. Qc2 Bb4 25. Ne2 Bd6 26. Qc8+ Qxc8 27. Rxc8+ Kh7
28. Rd8 Rb5 29. Rxd7 Rxb2 30. Rxd6 Rxe2 31. Rxb6 Ra2 32. Rb5 Kg6 33. Rxd5 f6 34.
g4 Rb2 35. Kg3 Ra2 36. Rc5 Rd2 37. h4 Kf7 38. h5 Ke6 39. f3 Rd3 40. Kf4 Ra3 41.
Rc7 1-0

[Event "chess.com SpeedChess Q2Sw"]
[Site "chess.com INT"]
[Date "2022.11.12"]
[Round "9"]
[White "Feng, Eric"]
[Black "Begunov, Konstantin"]
[Result "1-0"]
[BlackTitle "FM"]
[WhiteElo "1885"]
[BlackElo "2325"]
[WhiteFideId "30952590"]
[BlackFideId "4118510"]
[EventDate "2022.11.12"]

1. d4 d5 2. c4 c6 3. cxd5 cxd5 4. Bf4 Nf6 5. Nc3 Nc6 6. e3 a6 7. Be2 Bf5 8. g4
Be4 9. f3 Bg6 10. h4 h5 11. g5 Ng8 12. Qb3 e6 13. Qxb7 Nb4 14. Nb5 Be7 15. Nc7+
Kf8 16. Rc1 Rb8 17. Nxe6+ fxe6 18. Bxb8 Nc2+ 19. Kf2 Qa5 20. Qc8+ Kf7 21. Rxc2
Bxc2 22. Qxc2 Qxa2 23. Nh3 Bb4 24. g6+ Kf6 25. Be5+ Ke7 26. Qc7+ Ke8 27. Ng5 Nf6
28. Qf7+ Kd8 29. Nxe6+ Kc8 30. Qc7# 1-0

[Event "chess.com SpeedChess Q2Sw"]
[Site "chess.com INT"]
[Date "2022.11.12"]
[Round "9"]
[White "Melian, Juan Sebastian"]
[Black "Bochnicka, Vladimir ml."]
[Result "0-1"]
[WhiteTitle "CM"]
[BlackTitle "FM"]
[WhiteElo "2150"]
[BlackElo "2350"]
[WhiteFideId "3706575"]
[BlackFideId "14943450"]
[EventDate "2022.11.12"]

1. e4 c5 2. Nf3 Nc6 3. c3 Nf6 4. e5 Nd5 5. g3 g6 6. Bg2 Bg7 7. O-O O-O 8. Re1
Nc7 9. d4 cxd4 10. cxd4 d5 11. Nc3 Bf5 12. Nh4 Be6 13. Be3 Rc8 14. Rc1 Na5 15.
b3 Nc6 16. Qd2 Qd7 17. Bh6 Bh3 18. Bxg7 Kxg7 19. Bh1 Ne6 20. Ne2 Bg4 21. f3 Bh3
22. Bg2 Bxg2 23. Nxg2 Qc7 24. Ngf4 Nxf4 25. Qxf4 Qb6 26. Qd2 Nb4 27. Kg2 a5 28.
Nc3 Rfd8 29. e6 f6 30. Na4 Qb5 31. Nc5 b6 32. Nd7 Nd3 33. Rxc8 Rxc8 34. Re3 Nb4
35. Rc3 Rxc3 36. Qxc3 Qe2+ 37. Kg1 Nd3 38. Qa1 Qf2+ 39. Kh1 Qxf3+ 40. Kg1 Qe3+
41. Kh1 Qf3+ 42. Kg1 Qf2+ 43. Kh1 Ne1 0-1

[Event "chess.com SpeedChess Q2Sw"]
[Site "chess.com INT"]
[Date "2022.11.12"]
[Round "9"]
[White "Svane, Rasmus"]
[Black "Tabatabaei, M. Amin"]
[Result "1-0"]
[WhiteTitle "GM"]
[BlackTitle "GM"]
[WhiteElo "2619"]
[BlackElo "2655"]
[WhiteFideId "4657101"]
[BlackFideId "12521213"]
[EventDate "2022.11.12"]

1. Nf3 d5 2. g3 Nc6 3. d4 Bf5 4. Bg2 Nb4 5. Na3 e6 6. O-O Be7 7. c3 Nc6 8. Qb3
Rb8 9. Re1 Nf6 10. Bg5 h6 11. Bxf6 Bxf6 12. Nd2 O-O 13. e4 dxe4 14. Nxe4 Be7 15.
Nc4 b5 16. Ne3 Na5 17. Qc2 Bg6 18. b4 Nb7 19. Qe2 a5 20. a3 c6 21. Ng4 f6 22.
Nd2 Bf7 23. Bxc6 Nd6 24. Bg2 Qc7 25. Rac1 axb4 26. axb4 h5 27. Ne3 Rbd8 28. Nb3
h4 29. Nc5 hxg3 30. hxg3 Rfe8 31. d5 e5 32. Ne6 Bxe6 33. dxe6 Nc4 34. Qh5 Nxe3
35. Rxe3 f5 36. Be4 Bf6 37. Bxf5 Rd2 38. Qxe8# 1-0

[Event "chess.com SpeedChess Q2Sw"]
[Site "chess.com INT"]
[Date "2022.11.12"]
[Round "9"]
[White "Aumann, Welf"]
[Black "Primbetov, Kazbek"]
[Result "0-1"]
[WhiteTitle "FM"]
[BlackTitle "FM"]
[WhiteElo "2316"]
[BlackElo "2156"]
[WhiteFideId "4634071"]
[BlackFideId "13702297"]
[EventDate "2022.11.12"]

1. c4 c5 2. g3 h5 3. h4 d6 4. Nc3 Nc6 5. Bg2 Bg4 6. d3 Nf6 7. Bd2 g6 8. Nf3 Bg7
9. O-O O-O 10. Rb1 Qd7 11. Re1 b6 12. a3 e5 13. b4 Rac8 14. Bg5 Nh7 15. Nd5 Nxg5
16. hxg5 Bxf3 17. Bxf3 Nd4 18. e3 Ne6 19. Nf6+ Bxf6 20. gxf6 Qd8 21. Bxh5 gxh5
22. Qf3 Ng5 23. Qf5 Nh7 24. Kg2 Qxf6 25. Qxh5 Qg6 26. Qh4 f5 27. Rh1 Rc7 28. d4
f4 29. dxe5 f3+ 30. Kh2 Ng5 0-1

[Event "chess.com SpeedChess Q2Sw"]
[Site "chess.com INT"]
[Date "2022.11.12"]
[Round "9"]
[White "Sreyas, Payyappat"]
[Black "Liyanage, Ranindu Dilshan"]
[Result "0-1"]
[WhiteTitle "FM"]
[BlackTitle "FM"]
[WhiteElo "2145"]
[BlackElo "2331"]
[WhiteFideId "46674969"]
[BlackFideId "9915834"]
[EventDate "2022.11.12"]

1. e4 c5 2. Nf3 Nc6 3. d4 cxd4 4. Nxd4 e5 5. Nb5 d6 6. c4 g6 7. N1c3 a6 8. Na3
Bg7 9. Be2 Nge7 10. O-O O-O 11. Be3 Be6 12. Nd5 h6 13. Bb6 Qd7 14. Nc7 Rac8 15.
Nxe6 Qxe6 16. c5 Nd4 17. Bc4 d5 18. exd5 Nxd5 19. Nc2 Qc6 20. Nxd4 exd4 21. Bxd5
Qxd5 22. Qd3 Rfe8 23. b3 Rc6 24. Rfe1 Rce6 25. Rxe6 Rxe6 26. g3 h5 27. Rd1 h4
28. f3 hxg3 29. hxg3 Bh6 30. f4 Bg7 31. b4 Qh5 32. Rd2 Re1+ 33. Kf2 Qh1 34. g4
Qg1+ 35. Kf3 Re3+ 36. Qxe3 Qxe3+ 0-1

[Event "chess.com SpeedChess Q2Sw"]
[Site "chess.com INT"]
[Date "2022.11.12"]
[Round "9"]
[White "Azarov, Sergei"]
[Black "Ladan, Nicholas"]
[Result "1-0"]
[WhiteTitle "GM"]
[WhiteElo "2562"]
[BlackElo "2091"]
[WhiteFideId "13501470"]
[BlackFideId "30918855"]
[EventDate "2022.11.12"]

1. e4 e5 2. Nf3 Nc6 3. Bb5 a6 4. Ba4 g6 5. c3 Bg7 6. d4 b5 7. Bb3 exd4 8. cxd4
Na5 9. O-O Ne7 10. Bd2 Nxb3 11. axb3 O-O 12. d5 d6 13. Bc3 f6 14. Nbd2 c6 15.
dxc6 Nxc6 16. b4 Be6 17. Nb3 d5 18. Nc5 Bf7 19. exd5 Qxd5 20. Rxa6 Rxa6 21. Nxa6
Qc4 22. Re1 Ra8 23. Qd7 Bf8 24. Nc5 Nxb4 25. Ne4 Bg7 26. Nd6 Nd3 27. Nxc4 Nxe1
28. Nd6 Nxf3+ 29. gxf3 Bd5 30. Ne4 Bc4 31. Nxf6+ Kh8 32. Kg2 h5 33. Ne4 Bxc3 34.
bxc3 h4 35. Ng5 Ra1 36. Qh7# 1-0

[Event "chess.com SpeedChess Q2Sw"]
[Site "chess.com INT"]
[Date "2022.11.12"]
[Round "9"]
[White "Yanchenko, Roman"]
[Black "Harikrishna, Pentala"]
[Result "0-1"]
[WhiteTitle "FM"]
[BlackTitle "GM"]
[WhiteElo "2467"]
[BlackElo "2715"]
[WhiteFideId "4137329"]
[BlackFideId "5007003"]
[EventDate "2022.11.12"]

1. d4 Nf6 2. c4 e6 3. Nf3 d5 4. Nc3 Bb4 5. Bg5 h6 6. Bxf6 Qxf6 7. e3 O-O 8. Qc2
c5 9. Rd1 cxd4 10. exd4 Nc6 11. a3 Bxc3+ 12. Qxc3 dxc4 13. Bxc4 Bd7 14. O-O Rac8
15. Rc1 Rfd8 16. d5 Qxc3 17. Rxc3 Na5 18. dxe6 Rxc4 19. exf7+ Kf8 20. Rd3 Rc7
21. Ne5 Nc6 22. f4 Nxe5 23. fxe5 Rdc8 24. Rd6 Bb5 25. Rf3 Rxf7 26. h4 Rc1+ 27.
Kh2 Rxf3 28. gxf3 Rc2+ 29. Kg3 Rxb2 30. Kg4 Be8 31. f4 Ke7 32. Rd3 Rg2+ 33. Kf3
Bc6+ 34. Ke3 Rg3+ 0-1

[Event "chess.com SpeedChess Q2Sw"]
[Site "chess.com INT"]
[Date "2022.11.12"]
[Round "9"]
[White "Gokerkan, Cem Kaan"]
[Black "Talibov, Shiroghlan"]
[Result "0-1"]
[WhiteTitle "IM"]
[BlackTitle "FM"]
[WhiteElo "2470"]
[BlackElo "2316"]
[WhiteFideId "6336760"]
[BlackFideId "13429078"]
[EventDate "2022.11.12"]

1. e4 Nf6 2. e5 Nd5 3. d4 d6 4. Nf3 g6 5. Bc4 Nb6 6. Bb3 Bg7 7. Ng5 d5 8. h4 f6
9. Nf3 Bg4 10. h5 gxh5 11. exf6 Bxf6 12. Be3 Nc6 13. c3 e5 14. dxe5 Nxe5 15.
Bxb6 axb6 16. Qxd5 Qxd5 17. Bxd5 O-O-O 18. Be4 Rhe8 19. Nbd2 Nd3+ 20. Kf1 Nxb2
21. Bxh7 Bxc3 22. Ne4 Bg7 23. Ng3 Nc4 24. Rc1 Nd2+ 25. Nxd2 Rxd2 26. Nxh5 Bd4
27. Rh4 Rxf2+ 28. Kg1 Rc2+ 29. Kh2 Be5+ 30. Ng3 Rxc1 31. Rxg4 Rc3 32. Bf5+ Kb8
33. Rg6 Rh8+ 34. Bh3 Rd8 35. Rg5 Bf4 36. Rg4 Bd6 37. Rg6 Rxg3 38. Rxd6 Rxh3+ 0-1

[Event "chess.com SpeedChess Q2Sw"]
[Site "chess.com INT"]
[Date "2022.11.12"]
[Round "9"]
[White "Donchenko, Alexander"]
[Black "Matinian, Nikita"]
[Result "1-0"]
[WhiteTitle "GM"]
[BlackTitle "GM"]
[WhiteElo "2645"]
[BlackElo "2425"]
[WhiteFideId "24603295"]
[BlackFideId "24129100"]
[EventDate "2022.11.12"]

1. d4 Nf6 2. c4 g6 3. g3 Bg7 4. Bg2 O-O 5. Nc3 d6 6. Nf3 Nc6 7. O-O Rb8 8. b3 a6
9. d5 Na5 10. Bg5 c5 11. dxc6 Nxc6 12. Rc1 h6 13. Bf4 g5 14. Be3 Bf5 15. h4 g4
16. Nd4 Nxd4 17. Bxd4 h5 18. e4 Bg6 19. e5 Ne8 20. exd6 Qxd6 21. Bxg7 Kxg7 22.
Re1 e6 23. Qe2 Qd4 24. Red1 Qf6 25. Rd7 b6 26. Qe3 Kg8 27. Na4 b5 28. Nc5 Qb2
29. Nxa6 Rc8 30. Qd2 Qxd2 31. Rxd2 bxc4 32. Bb7 c3 33. Rd7 Nf6 34. Bxc8 Rxc8 35.
Rc7 Ra8 36. Nb4 Ne4 37. Rc4 Rd8 38. a4 Rd2 39. a5 Nxf2 40. a6 c2 41. a7 Nh3+ 42.
Kf1 Rd1+ 43. Ke2 Rxc1 44. a8=Q+ Kg7 45. Nxc2 Bxc2 46. Kd2 1-0

[Event "chess.com SpeedChess Q2Sw"]
[Site "chess.com INT"]
[Date "2022.11.12"]
[Round "9"]
[White "Kazakov, Mikhail"]
[Black "Daggupati, Balaji"]
[Result "0-1"]
[WhiteTitle "GM"]
[BlackTitle "GM"]
[WhiteElo "2513"]
[BlackElo "2507"]
[WhiteFideId "14102749"]
[BlackFideId "2090759"]
[EventDate "2022.11.12"]

1. d4 d5 2. c4 dxc4 3. Nf3 Nf6 4. e3 e6 5. Bxc4 a6 6. O-O Be7 7. Qe2 b5 8. Bd3
Bb7 9. e4 Nbd7 10. Bg5 c5 11. Rd1 h6 12. Bh4 O-O 13. a4 cxd4 14. Nxd4 Qb6 15.
Nf3 Nc5 16. a5 Qc6 17. e5 Nd5 18. Bxe7 Nxe7 19. Nc3 Nxd3 20. Rxd3 b4 21. Nd1 Nd5
22. Qd2 Rac8 23. Rd4 Qc2 24. Ne3 Nxe3 25. fxe3 b3 26. Qf2 Qxf2+ 27. Kxf2 Rc2+
28. Kg3 Rxb2 29. Rb4 Bc6 30. Ra3 Bd5 31. e4 Ra2 32. Rxa2 bxa2 33. Ra4 Bb3 34.
Ra3 Rd8 35. Rxb3 a1=Q 0-1

[Event "chess.com SpeedChess Q2Sw"]
[Site "chess.com INT"]
[Date "2022.11.12"]
[Round "9"]
[White "Goltsev, Dmitry"]
[Black "Kamsky, Gata"]
[Result "1/2-1/2"]
[WhiteTitle "FM"]
[BlackTitle "GM"]
[WhiteElo "2232"]
[BlackElo "2666"]
[WhiteFideId "24176710"]
[BlackFideId "2000024"]
[EventDate "2022.11.12"]

1. e4 c5 2. Nf3 e6 3. d4 cxd4 4. Nxd4 a6 5. Nc3 b5 6. a3 Bb7 7. Be2 Qc7 8. Be3
Nf6 9. f3 d5 10. exd5 Nxd5 11. Nxd5 Bxd5 12. O-O Bd6 13. g3 Bc5 14. Qd2 O-O 15.
Rac1 Bc4 16. Rfd1 Bb6 17. Bxc4 bxc4 18. Qf2 Nd7 19. Ne2 Bxe3 20. Qxe3 Nf6 21.
Nf4 Rab8 22. b4 Rfd8 23. Kg2 e5 24. Ne2 h5 25. Nc3 a5 26. b5 h4 27. a4 Qe7 28.
Ne4 Nd5 29. Qf2 f5 30. Nc5 f4 31. gxf4 exf4 32. Kh1 Ne3 33. Rxd8+ Rxd8 34. Ne4
h3 35. Rg1 Rd4 36. Ng5 Nf5 37. b6 c3 38. Rb1 Rb4 39. Rxb4 Qxb4 40. Qe1 Ne3 41.
Nxh3 Qxb6 42. Nxf4 Qd4 43. Ng2 Nxc2 44. Qe8+ Kh7 45. Qh5+ Kg8 46. Qe8+ Kh7 47.
Qh5+ Kg8 48. Qe8+ 1/2-1/2

[Event "chess.com SpeedChess Q2Sw"]
[Site "chess.com INT"]
[Date "2022.11.12"]
[Round "9"]
[White "Aarav, Dengla"]
[Black "Sanchez, Robert"]
[Result "1-0"]
[WhiteTitle "FM"]
[WhiteElo "2357"]
[BlackElo "1971"]
[WhiteFideId "45059756"]
[BlackFideId "2034360"]
[EventDate "2022.11.12"]

1. e4 e6 2. d4 d5 3. Nc3 Nf6 4. exd5 exd5 5. Bg5 Be7 6. Be2 O-O 7. Nf3 c6 8. O-O
Nbd7 9. h3 h6 10. Bf4 Re8 11. Bd3 Nf8 12. Ne2 Ne4 13. Bxe4 dxe4 14. Nd2 Bf6 15.
Be3 Ng6 16. c3 Bg5 17. Ng3 f5 18. Qb3+ Be6 19. Bxg5 Qxg5 20. Qc2 h5 21. Kh2 h4
22. Ne2 Rad8 23. f4 exf3 24. Nxf3 Qf6 25. Rf2 Bd5 26. Raf1 Be4 27. Qb3+ Kh7 28.
Nd2 Bd3 29. Qd1 Qd6+ 30. Kh1 Qe7 31. Re1 f4 32. Nf3 Ba6 33. Nxf4 Qf7 34. Ng5+ 1-0

[Event "chess.com SpeedChess Q2Sw"]
[Site "chess.com INT"]
[Date "2022.11.12"]
[Round "9"]
[White "Ilkhomi, Jaloliddin"]
[Black "Goltseva, Ekaterina"]
[Result "1-0"]
[WhiteTitle "FM"]
[BlackTitle "FM"]
[WhiteElo "2145"]
[BlackElo "2265"]
[WhiteFideId "14700948"]
[BlackFideId "24173770"]
[EventDate "2022.11.12"]

1. d4 d5 2. Bf4 Nf6 3. e3 c5 4. c4 Nc6 5. dxc5 e5 6. Bg5 d4 7. Nf3 Bxc5 8. exd4
Nxd4 9. Bd3 Bg4 10. Qa4+ Bd7 11. Qd1 O-O 12. Nxd4 Bxd4 13. Nc3 Bxf2+ 14. Kxf2
Qb6+ 15. Be3 Qxb2+ 16. Qd2 Ng4+ 17. Ke2 Qa3 18. Nd5 f5 19. h3 Nxe3 20. Qxe3 e4
21. Bc2 Qa6 22. Bb3 f4 23. Nxf4 b5 24. Rac1 Qh6 25. Rhf1 Kh8 26. Nd5 Qh5+ 27. g4
Qh4 28. Rxf8+ Rxf8 29. Rf1 Rc8 30. Qf2 Qxh3 31. Qf8+ 1-0

[Event "chess.com SpeedChess Q2Sw"]
[Site "chess.com INT"]
[Date "2022.11.12"]
[Round "9"]
[White "Filgueira, Hernan"]
[Black "Baskakov, Egor"]
[Result "0-1"]
[WhiteTitle "IM"]
[BlackTitle "CM"]
[WhiteElo "2283"]
[BlackElo "2215"]
[WhiteFideId "101770"]
[BlackFideId "24197866"]
[EventDate "2022.11.12"]

1. e4 c5 2. Nf3 Nf6 3. Nc3 d5 4. exd5 Nxd5 5. Bb5+ Bd7 6. Bc4 Nb6 7. Be2 Nc6 8.
d4 cxd4 9. Nxd4 g6 10. Bf3 Bg7 11. Nxc6 Bxc6 12. Bxc6+ bxc6 13. Qf3 Qc7 14. O-O
O-O 15. a4 Qb7 16. Rd1 e6 17. Ne4 Nd5 18. c4 Nb6 19. Nd6 Qe7 20. a5 Nd7 21. Qxc6
Ne5 22. Qe4 f5 23. Qe2 Rad8 24. c5 Nc6 25. Be3 h6 26. f4 e5 27. Re1 e4 28. Red1
Rb8 29. Rd2 Rb4 30. a6 Rd8 31. Rad1 Qe6 32. Nb7 Rxd2 33. Rxd2 Nd4 34. Qd1 Qc4
35. h3 h5 36. b3 Nxb3 37. Rd8+ Kh7 38. Rd7 Qc3 39. Bf2 e3 40. Be1 Nd2 0-1

[Event "chess.com SpeedChess Q2Sw"]
[Site "chess.com INT"]
[Date "2022.11.12"]
[Round "9"]
[White "Grycel, Kamil"]
[Black "Bouget, Alexandre"]
[Result "0-1"]
[WhiteTitle "FM"]
[BlackTitle "FM"]
[WhiteElo "2315"]
[BlackElo "2268"]
[WhiteFideId "1115499"]
[BlackFideId "681318"]
[EventDate "2022.11.12"]

1. b3 e5 2. Bb2 Nc6 3. Nf3 d6 4. d4 e4 5. d5 exf3 6. dxc6 bxc6 7. gxf3 Nf6 8. e3
Be7 9. Rg1 O-O 10. Qd4 c5 11. Qf4 Bb7 12. Nc3 g6 13. O-O-O Nh5 14. Qh6 Bxf3 15.
Be2 Bxe2 16. Nxe2 Nf6 17. Nf4 c6 18. h4 Re8 19. h5 Bf8 20. Qg5 Ne4 21. Qg2 Bg7
22. hxg6 Bxb2+ 23. Kxb2 Qf6+ 24. Ka3 fxg6 25. Rd3 a5 26. Nxg6 hxg6 27. Qxg6+
Qxg6 28. Rxg6+ Kf7 29. Rh6 Rh8 30. Rxh8 Rxh8 31. f3 Nf6 32. Rxd6 Rc8 33. e4 Ke7
34. e5 Nd5 35. c4 Nb4 36. f4 Nc2+ 37. Kb2 Nd4 38. Rh6 a4 39. bxa4 Rb8+ 40. Ka3
Nc2# 0-1

[Event "chess.com SpeedChess Q2Sw"]
[Site "chess.com INT"]
[Date "2022.11.12"]
[Round "9"]
[White "Korchmar, Vasiliy"]
[Black "Al-Tarboush, Ward"]
[Result "0-1"]
[WhiteTitle "IM"]
[BlackTitle "FM"]
[WhiteElo "2438"]
[BlackElo "2238"]
[WhiteFideId "24131750"]
[BlackFideId "7601450"]
[EventDate "2022.11.12"]

1. e4 c5 2. Nf3 Nc6 3. d4 cxd4 4. Nxd4 Nf6 5. Nc3 e5 6. Ndb5 d6 7. Nd5 Nxd5 8.
exd5 Ne7 9. c4 Ng6 10. h4 Be7 11. h5 Nf8 12. h6 g6 13. Qa4 Nd7 14. Be3 O-O 15.
Bxa7 Nc5 16. Qd1 Rxa7 17. Nxa7 Qa5+ 18. Qd2 Qxa7 19. Be2 Ne4 20. Qe3 Qa5+ 21.
Kf1 Bf5 22. g4 Bg5 23. Qa3 Qb6 24. Rh2 Bd7 25. b4 Bf4 26. Rg2 f5 27. gxf5 Bxf5
28. Kg1 Nxf2 29. c5 dxc5 30. bxc5 Qf6 31. Rxf2 Qg5+ 32. Kf1 Qxh6 33. Qf3 Bh3+
34. Ke1 Bd2+ 35. Kd1 Rxf3 36. Bxf3 Bc3 37. Rc1 Qe3 38. d6 Qd3+ 0-1

[Event "chess.com SpeedChess Q2Sw"]
[Site "chess.com INT"]
[Date "2022.11.12"]
[Round "9"]
[White "Crevatin, Leo"]
[Black "Stoyanov, Tsvetan"]
[Result "0-1"]
[WhiteTitle "FM"]
[BlackTitle "IM"]
[WhiteElo "2301"]
[BlackElo "2456"]
[WhiteFideId "1726307"]
[BlackFideId "2917173"]
[EventDate "2022.11.12"]

1. d4 d5 2. Bf4 c5 3. e3 Nc6 4. Nf3 Nf6 5. Nbd2 Nh5 6. dxc5 Nxf4 7. exf4 Qa5 8.
a3 Qxc5 9. b4 Qd6 10. g3 g6 11. c4 Bg7 12. cxd5 Qxd5 13. Bc4 Qh5 14. Rc1 O-O 15.
O-O Bg4 16. Qb3 Rad8 17. Rfe1 h6 18. Rc2 Rd6 19. Re3 Rfd8 20. Bxf7+ Kh8 21. b5
Nd4 22. Nxd4 Bxd4 23. Ne4 Bxe3 24. Nxd6 Rxd6 25. h4 Bd4 26. Rc7 Bf6 27. Rxb7 Rd8
28. Rxa7 Bf3 29. Bc4 Qg4 30. Bf1 Bd4 31. Kh2 Bxa7 32. Bh3 Qh5 33. Qc3+ Bd4 34.
Qc7 Rf8 35. Qxe7 Bg7 0-1

[Event "chess.com SpeedChess Q2Sw"]
[Site "chess.com INT"]
[Date "2022.11.12"]
[Round "9"]
[White "Quispe Arteaga, Gabriel"]
[Black "Jumabayev, Rinat"]
[Result "0-1"]
[WhiteTitle "FM"]
[BlackTitle "GM"]
[WhiteElo "2374"]
[BlackElo "2620"]
[WhiteFideId "32059809"]
[BlackFideId "13702661"]
[EventDate "2022.11.12"]

1. c4 e5 2. g3 Nf6 3. Bg2 c6 4. d4 exd4 5. Qxd4 d5 6. Nf3 Be6 7. cxd5 Qxd5 8.
Qxd5 Nxd5 9. O-O f6 10. a3 Nd7 11. Nd4 Bf7 12. b3 a5 13. Bb2 Bc5 14. Rd1 O-O 15.
Bh3 Bxd4 16. Bxd4 Rfd8 17. Nd2 Nc7 18. Be3 a4 19. bxa4 Nd5 20. Bd4 Rxa4 21. Bb2
Nc5 22. Rac1 Ra5 23. Nc4 Rb5 24. a4 Nxa4 25. Ba1 Bg6 26. Bg2 f5 27. Ne5 Nab6 28.
Nf3 Re8 29. Nd4 Ra5 30. e3 h6 31. Rb1 Re7 32. Rb3 Nc4 33. Bc3 Nxc3 34. Rxc3 Ne5
35. Rb3 Ng4 36. h3 Nf6 37. Rdb1 Ra7 38. Rc1 Rd7 39. Rb2 Ra5 40. Ne2 Bf7 41. Nf4
g5 42. Ne2 Bd5 43. Nd4 f4 44. gxf4 gxf4 45. Bxd5+ Nxd5 0-1

[Event "chess.com SpeedChess Q2Sw"]
[Site "chess.com INT"]
[Date "2022.11.12"]
[Round "9"]
[White "Shipov, Sergei"]
[Black "Brodowski, Piotr"]
[Result "1-0"]
[WhiteTitle "GM"]
[BlackTitle "IM"]
[WhiteElo "2541"]
[BlackElo "2455"]
[WhiteFideId "4113624"]
[BlackFideId "1124480"]
[EventDate "2022.11.12"]

1. d4 d6 2. Nf3 g6 3. c4 Bg7 4. Nc3 Bg4 5. e3 c5 6. d5 Bxc3+ 7. bxc3 Nf6 8. Qb3
Bxf3 9. gxf3 Qc7 10. Rb1 b6 11. Bh3 Nbd7 12. O-O g5 13. e4 Ne5 14. Qd1 Rg8 15.
Kh1 Kf8 16. Rg1 h6 17. f4 Nxc4 18. Qe2 b5 19. fxg5 hxg5 20. Bxg5 a6 21. Bh6+ Ke8
22. Bg7 Rb8 23. Qf3 Ne5 24. Bxf6 Rxg1+ 25. Rxg1 exf6 26. Qxf6 Ng6 27. Bf5 Qe7
28. Qg7 Nf8 29. f4 b4 30. c4 b3 31. axb3 Rxb3 32. e5 Qh4 33. exd6 Rb2 34. Qe5+
Kd8 35. Qe7+ Qxe7 36. dxe7+ Kxe7 37. Ra1 Kf6 38. Bc8 Ng6 39. Rxa6+ Ke7 40. d6+
Kd8 41. Bf5 Nxf4 42. Ra8+ Rb8 43. Rxb8# 1-0